| 000 | 00723nam a2200229 a 4500 | ||
|---|---|---|---|
| 001 | 000037918 | ||
| 003 | DO-SdBNP | ||
| 005 | 20171020111808.0 | ||
| 007 | 000037918 | ||
| 008 | 130308s2007 dr ac 000 0 spa d | ||
| 040 |
_aBPMSU _bspa _cBPMSU |
||
| 100 | 1 |
_aSantos, Rafael _d1968- |
|
| 245 | 1 | 0 |
_aTestimonio del 1j4 : _bsalcedo y su participación / _cRafael Santos. |
| 250 | _a2a ed. | ||
| 260 |
_aSanto Domingo : _bImpresos F y M, _c2007. |
||
| 300 |
_a68 P. : _bils., retr. ; _c22 cm. |
||
| 500 | _aIncluye datos biográficos del autor en la contracubierta | ||
| 500 | _aIncluye notas al pie de las páginas | ||
| 942 |
_2ddc _cBK |
||
| 945 | _aInventariado / 2017 VM | ||
| 956 |
_aVMATEO _b10 _c20150428 _lBPMSU _h00151 |
||
| 999 |
_c7733 _d7733 |
||